For the love of India : (Record no. 2634)

MARC details
000 -LEADER
fixed length control field 00806cam a2200217 4500
001 - CONTROL NUMBER
control field 3258
005 - DATE AND TIME OF LATEST TRANSACTION
control field 20181127170858.0
008 - FIXED-LENGTH DATA ELEMENTS--GENERAL INFORMATION
fixed length control field 041015s2004 ii a b 001 0beng
010 ## - LIBRARY OF CONGRESS CONTROL NUMBER
LC control number 2004307448
020 ## - INTERNATIONAL STANDARD BOOK NUMBER
International Standard Book Number 9780143062066
043 ## - GEOGRAPHIC AREA CODE
Geographic area code a-ii---
100 1# - MAIN ENTRY--PERSONAL NAME
Personal name Lala, R. M.
245 10 - TITLE STATEMENT
Title For the love of India :
Remainder of title the life and times of Jamsetji Tata /
Statement of responsibility, etc. R.M. Lala.
260 ## - PUBLICATION, DISTRIBUTION, ETC.
Place of publication, distribution, etc. New Delhi :
Name of publisher, distributor, etc. Portfolio Penguin,
Date of publication, distribution, etc. 2006.
300 ## - PHYSICAL DESCRIPTION
Extent xix, 247 p. :
Other physical details ill. ;
Dimensions 22 cm.
504 ## - BIBLIOGRAPHY, ETC. NOTE
Bibliography, etc. note Includes bibliographical references (p. [236]) and index.
520 ## - SUMMARY, ETC.
Summary, etc. On life and achievements of Jamsetji Nasarwanji Tata, 1839-1904, Indian industrialist and philanthropist.
600 10 - SUBJECT ADDED ENTRY--PERSONAL NAME
Personal name Tata, Jamsetji Nasarwanji,
Dates associated with a name 1839-1904.
650 #0 - SUBJECT ADDED ENTRY--TOPICAL TERM
Topical term or geographic name entry element Industrialists
Geographic subdivision India
Form subdivision Biography.
Topical term or geographic name entry element Philanthropists
Geographic subdivision India
Form subdivision Biography.
Holdings
Withdrawn status Lost status Source of classification or shelving scheme Damaged status Not for loan Collection code Home library Current library Shelving location Serial Enumeration / chronology Inventory number Total Checkouts Full call number Barcode Date last seen Price effective from Koha item type
    Dewey Decimal Classification     Main TEST RTC Library RTC Library Main opac 5662   920 LAL 30001838 27/11/2018 27/11/2018 Main
Royal Thimphu College || All Right Reserved